Estadísticas para Historia de España - A

Haz click aquí para intentar la prueba.

Estadísticas generales

  • Esta prueba ha sido intentada 79 veces
  • La puntuación promedio es 7 de 21

Estadísticas de respuestas

PistaRespuesta% Correcto
Rey Castellano escritor de varias cantigas y conocido como "El Sabio"Alfonso X
83%
Nombre de la cueva donde se encontraron unas espectaculares pinturas rupestresAltamira
79%
Nombre del primer presidente de la transiciónAdolfo Suarez
61%
Reino cristiano de la ReconquistaAsturias
61%
Nombre popular con el que se conoce a la casa de HabsburgoAustrias
52%
Creador del Califato de CórdobaAbderramán III
49%
Primer Ministro y Presidente de la II RepúblicaManuel Azaña
46%
Yacimiento prehistórico más importante de la Península IbéricaAtapuerca
42%
General Cartaginés que desarrollo sus primeras campañas en Hispania antes de partir hacia RomaAníbal
37%
Emperador romano nacido en Hispania, conocido principalmente por construir un muroAdriano
34%
Imperio magrebí que unifico los Reinos de Taifas bajo un único gobierno tras la desintegración del Califato de CórdobaAlmorávide
24%
Poeta de la Generación del 27Rafael Alberti
23%
Filosofo y médico musulmán nacido en CórdobaAverroes
21%
Población Marroquí donde se efectuó el desembarco que daría fin a la guerra del RifAlhucemas
17%
Rama del cristianismo practicada por los visigodosArrianismo
17%
Nombre que le dieron los romanos a la ciudad de AstorgaAsturica Augusta
8%
Miembros del ejercito aragonés, famosos por sus campañas en Nápoles, Sicilia y GreciaAlmogávares
7%
Nombre del Castillo donde se atrincheraron los últimos disidentes a la conquista castellana de NavarraAmaiur / Maya
6%
Derrota Cristiana precedente a las Navas de TolosaAlarcos
4%
Almirante Castellano participante en la conquista de Portugal y en la batalla de LepantoÁlvaro de Bazán
3%
Corsario y pirata español con base en CanariasAmaro Pargo
3%

Distribución de puntuación

Porcentaje por número respondido

Porcentaje de gente con cada puntuación

Historial de tus puntuaciones

No has intentado esta prueba.